Catálogo

The oxford handbook of the european union / (Registro nro. 65)

Detalles MARC
000 -LEADER
fixed length control field 00749cam a2200229 i 4500
001 - CONTROL NUMBER
control field 65
003 - CONTROL NUMBER IDENTIFIER
control field Mx-PuUPA
005 - DATE AND TIME OF LATEST TRANSACTION
control field 20250908083236.0
008 - FIXED-LENGTH DATA ELEMENTS--GENERAL INFORMATION
fixed length control field 140415s2012 uk gr 000 0 eng d
040 ## - CATALOGING SOURCE
Transcribing agency Mx-PuUPA
041 0# - LANGUAGE CODE
Language code of text/sound track or separate title eng
082 ## - DEWEY DECIMAL CLASSIFICATION NUMBER
Classification number 631.4
Item number ORT
245 1# - TITLE STATEMENT
Title The oxford handbook of the european union /
Statement of responsibility, etc. Edited by Erik Jones, Anand Menon, Stephen Weatherill
264 #1 - PRODUCTION, PUBLICATION, DISTRIBUTION, MANUFACTURE, AND COPYRIGHT NOTICE
Place of production, publication, distribution, manufacture United Kingdom :
Name of producer, publisher, distributor, manufacturer Oxford University Press,
Date of production, publication, distribution, manufacture, or copyright notice 2012
300 ## - PHYSICAL DESCRIPTION
Extent xxix, 893 páginas ,
Dimensions 25 cm
650 #7 - SUBJECT ADDED ENTRY--TOPICAL TERM
Source of heading or term armarc
9 (RLIN) 13986
700 1# - ADDED ENTRY--PERSONAL NAME
Personal name Jones, Erik,
Relator term editor
700 1# - ADDED ENTRY--PERSONAL NAME
Personal name Menon, Anand,
Relator term editor
700 1# - ADDED ENTRY--PERSONAL NAME
Personal name Weatherill, Stephen,
Relator term editor
942 ## - ADDED ENTRY ELEMENTS (KOHA)
Source of classification or shelving scheme Dewey Decimal Classification
Koha item type Libro
Classification part xx
Item part xx
Existencias
Withdrawn status Lost status Source of classification or shelving scheme Damaged status Not for loan Collection code Home library Current library Shelving location Date acquired Source of acquisition Total Checkouts Full call number Barcode Price effective from Koha item type
    Dewey Decimal Classification   En catalogación General Biblioteca Karol Wojtyla Biblioteca Karol Wojtyla Procesos técnicos 03/12/2013 Donación   xx 48415 03/12/2013 Libro